<?xml version="1.0" encoding="UTF-8"?>
<record
    xmlns:xsi="http://www.w3.org/2001/XMLSchema-instance"
    xsi:schemaLocation="http://www.loc.gov/MARC21/slim http://www.loc.gov/standards/marcxml/schema/MARC21slim.xsd"
    xmlns="http://www.loc.gov/MARC21/slim">

  <leader>02350njm a2200373Ia 4500</leader>
  <controlfield tag="001">24586</controlfield>
  <controlfield tag="003">IT-RoPAU</controlfield>
  <controlfield tag="005">20220918181110.0</controlfield>
  <controlfield tag="008">131025s9999    xx            000 0 und d</controlfield>
  <datafield tag="040" ind1=" " ind2=" ">
    <subfield code="a">IT-RoPAU</subfield>
  </datafield>
  <datafield tag="040" ind1=" " ind2=" ">
    <subfield code="c">IT-RoPAU</subfield>
  </datafield>
  <datafield tag="999" ind1=" " ind2=" ">
    <subfield code="c">98905</subfield>
    <subfield code="d">98905</subfield>
  </datafield>
  <datafield tag="999" ind1=" " ind2=" ">
    <subfield code="b">n.d.</subfield>
  </datafield>
  <datafield tag="100" ind1=" " ind2=" ">
    <subfield code="a">AA.VV.</subfield>
    <subfield code="9">794</subfield>
  </datafield>
  <datafield tag="100" ind1=" " ind2=" ">
    <subfield code="e">Autore musica</subfield>
    <subfield code="9">10729</subfield>
  </datafield>
  <datafield tag="100" ind1=" " ind2=" ">
    <subfield code="g">Codice autore musica SPICS: 12000</subfield>
    <subfield code="9">796</subfield>
  </datafield>
  <datafield tag="245" ind1=" " ind2=" ">
    <subfield code="a">Musica per i vostri bambini</subfield>
  </datafield>
  <datafield tag="250" ind1=" " ind2=" ">
    <subfield code="a">1a ed.</subfield>
  </datafield>
  <datafield tag="260" ind1=" " ind2=" ">
    <subfield code="a">MILANO</subfield>
  </datafield>
  <datafield tag="260" ind1=" " ind2=" ">
    <subfield code="b">CBS ITALIANA</subfield>
    <subfield code="c">1975 [1a Ed.:1975]</subfield>
  </datafield>
  <datafield tag="300" ind1=" " ind2=" ">
    <subfield code="a">DISCO</subfield>
  </datafield>
  <datafield tag="500" ind1=" " ind2=" ">
    <subfield code="a">Musica strumentale. Composizioni adatte all'ascolto da parte dei bambini. Sviluppo del senso ritmico nei bambini</subfield>
  </datafield>
  <datafield tag="505" ind1=" " ind2=" ">
    <subfield code="a">Dice il Borgognone (anonimo francese del 15esimo secolo) - Frottola (anonimo del 14esimo secolo) - Saltarello (anonimo del 16esimo secolo) - Rond&#xF2; dalla partita in mi bemolle - Terpsichore Musarum: gavotta - Aria per trombe - Medea: rond&#xF2; per i corinzi - Il malato immaginario di Moliere: ouverture - Tamburino - Il volo del calabrone - I campanelli: suite n 1 da l'"Arlesiana" - Il mattino da "Peer Gynt" - L'inverno: da "Le quattro stagioni"</subfield>
  </datafield>
  <datafield tag="650" ind1=" " ind2=" ">
    <subfield code="a">STRUMENTALE [DISCHI]</subfield>
    <subfield code="e">Codice MATERIA SPICS: 9950</subfield>
    <subfield code="9">828</subfield>
  </datafield>
  <datafield tag="700" ind1=" " ind2=" ">
    <subfield code="a">Krommer Kramar Franz</subfield>
    <subfield code="d">Codice autore musica SPICS: 15641</subfield>
    <subfield code="e">Autore musica</subfield>
    <subfield code="p">Rond&#xF2; dalla "Partita in mi bemolle"</subfield>
    <subfield code="9">10730</subfield>
  </datafield>
  <datafield tag="700" ind1=" " ind2=" ">
    <subfield code="a">Caroubel Piero Francesco</subfield>
    <subfield code="d">Codice autore musica SPICS: 15642</subfield>
    <subfield code="e">Autore musica</subfield>
    <subfield code="p">Terpsichore Musarum: gavotta</subfield>
    <subfield code="9">10731</subfield>
  </datafield>
  <datafield tag="700" ind1=" " ind2=" ">
    <subfield code="a">Lulli Jean-Baptiste</subfield>
    <subfield code="d">Codice autore musica SPICS: 10679</subfield>
    <subfield code="e">Autore musica</subfield>
    <subfield code="p">Aria per trombe</subfield>
    <subfield code="9">10732</subfield>
  </datafield>
  <datafield tag="700" ind1=" " ind2=" ">
    <subfield code="a">Charpentier Marc-Antoine</subfield>
    <subfield code="d">Codice autore musica SPICS: 10663</subfield>
    <subfield code="e">Autore musica</subfield>
    <subfield code="p">Medea: rond&#xF2; per i corinzi - Il malato immaginario di Moliere: ouverture</subfield>
    <subfield code="9">10733</subfield>
  </datafield>
  <datafield tag="700" ind1=" " ind2=" ">
    <subfield code="a">Rameau Jean Philippe</subfield>
    <subfield code="d">Codice autore musica SPICS: 11087</subfield>
    <subfield code="e">Autore musica</subfield>
    <subfield code="p">Tamburino</subfield>
    <subfield code="9">10734</subfield>
  </datafield>
  <datafield tag="700" ind1=" " ind2=" ">
    <subfield code="a">Rimskij-Korsakov Nikolai</subfield>
    <subfield code="d">Codice autore musica SPICS: 10687</subfield>
    <subfield code="e">Autore musica</subfield>
    <subfield code="p">Il volo del calabrone</subfield>
    <subfield code="9">10735</subfield>
  </datafield>
  <datafield tag="700" ind1=" " ind2=" ">
    <subfield code="a">Bizet Georges</subfield>
    <subfield code="d">Codice autore musica SPICS: 10724</subfield>
    <subfield code="e">Autore musica</subfield>
    <subfield code="p">I campanelli: suite n 1 da l'"Arlesiana"</subfield>
    <subfield code="9">10736</subfield>
  </datafield>
  <datafield tag="700" ind1=" " ind2=" ">
    <subfield code="a">Grieg Edward</subfield>
    <subfield code="d">Codice autore musica SPICS: 10671</subfield>
    <subfield code="e">Autore musica</subfield>
    <subfield code="p">Il mattino da "Peer Gynt"</subfield>
    <subfield code="9">10737</subfield>
  </datafield>
  <datafield tag="700" ind1=" " ind2=" ">
    <subfield code="a">Vivaldi Antonio</subfield>
    <subfield code="d">Codice autore musica SPICS: 11195</subfield>
    <subfield code="e">Autore musica</subfield>
    <subfield code="p">L'inverno: da "Le quattro stagioni"</subfield>
    <subfield code="9">10738</subfield>
  </datafield>
  <datafield tag="942" ind1=" " ind2=" ">
    <subfield code="c">MD</subfield>
    <subfield code="2">ddc</subfield>
  </datafield>
  <datafield tag="952" ind1=" " ind2=" ">
    <subfield code="0">0</subfield>
    <subfield code="1">0</subfield>
    <subfield code="4">0</subfield>
    <subfield code="6">24586_000000000000000</subfield>
    <subfield code="7">1</subfield>
    <subfield code="a">SPICS</subfield>
    <subfield code="b">SPICS</subfield>
    <subfield code="d">2013-10-25</subfield>
    <subfield code="l">0</subfield>
    <subfield code="o">24586</subfield>
    <subfield code="r">2013-10-25 00:00:00</subfield>
    <subfield code="w">2013-10-25</subfield>
    <subfield code="y">MD</subfield>
    <subfield code="z">Progr. Ins.: 5281 / N.Vol.: 1 / Copie: 1 - Copia rara: n.d. / date import: 01.01.2014 - By Epidotti, Trombetti, Vaglietti</subfield>
  </datafield>
</record>
